01128nam a2200241Ia 4500001000600000003000900006008004100015040001300056040001300069041001300082100001600095100002900111245002500140245002500165250001100190260001000201260000900211260004900220300004300269500050100312650004200813650003100855 5343IT-RoPAU130308s9999 xx 000 0 und d aIT-RoPAU cIT-RoPAU aFRANCESE aGabel Emile gCodice Aut. SPICS: 6362 aEnjeu des media (L') bEnjeu des Media (L') a1a ed. aPARIS bMame c1971 [1° Ed.:1971 - Ed.Ling.Originale:1971] a"472 p. (prefazione: no ; testo: 472)" aStampa e giornalista Stampa Cattolica giornale Giornalismo giornalista leggi Generali della Stampa Cattolica Stampa del Popolo di Dio Funzione profetica del giornalista Informazione e Opinione Pubblica Informazione Religiosatecniche di Diffusione dell'Apostolato Moderno Chiesa e Opinione Pubblica Diritto all'informazione Problema del Segreto Opinione Pubblica e Azione Pastorale Informazione e Sviluppo Comunicazione Sociale Decreto Inter Mirifica Approccio Teologico Alla Comunicazione Sociale aSAGGI PASTORALE COMUNICAZIONE SOCIALE eCodice materia Spics: 9311